000 00306nam a22001337a 4500
008 170426b xxu||||| |||| 00| 0 eng d
020 _a9780697120014
041 _aeng
080 _a54
100 _a12
101 _aSHM
245 _aINORGANIC, ORGANIC, & BIOLOGICAL CHEMISTRY
_cCARET
942 _2udc
_cBK
999 _c12159
_d12159